[Event "Berlin East DDR 30years"]
[Site "Berlin East"]
[Date "1979.09.??"]
[Round "?"]
[White "Malich, Burkhard"]
[Black "Smyslov, Vassily V"]
[Result "0-1"]
[WhiteElo "2530"]
[BlackElo "2560"]
[PlyCount "118"]
[EventDate "1979.09.11"]
[EventType "tourn"]
[EventRounds "15"]
[EventCountry "DDR"]
[EventCategory "9"]
[SourceTitle "EXT 1999"]
[Source "ChessBase"]
[SourceDate "1998.11.16"]
[SourceVersion "1"]
[SourceVersionDate "1998.11.16"]
[SourceQuality "1"]

1. Nf3 Nf6 2. d4 e6 3. c4 Bb4+ 4. Bd2 a5 5. Nc3 b6 6. e3 Bb7 7. Bd3 d6 8. a3
Bxc3 9. Bxc3 Ne4 10. Rc1 Qe7 11. O-O Nxc3 12. Rxc3 e5 13. Bc2 e4 14. Nd2 O-O
15. b4 Nd7 16. Qb1 Nf6 17. Rc1 Rfe8 18. Bb3 axb4 19. axb4 c5 20. Bd1 cxd4 21.
exd4 b5 22. c5 Nd5 23. Rg3 e3 24. fxe3 Nxe3 25. Bf3 Bxf3 26. Nxf3 Nd5 27. Ng5
Nf6 28. Rb3 Qe2 29. Rc2 Qg4 30. Nf3 Nd5 31. cxd6 Rad8 32. h3 Qf4 33. Qc1 Qxd6
34. Rc6 Qg3 35. Rc2 Nf4 36. Kf1 h6 37. Re3 Nd5 38. Rb3 f5 39. Kg1 Kh7 40. Qb1
Nf4 41. h4 Qg4 42. Qf1 Ne6 43. d5 Nd4 44. Nxd4 Qxd4+ 45. Qf2 Qd1+ 46. Kh2 Rxd5
47. Rf3 Re1 48. g3 Rde5 49. Rd2 Qb1 50. Rb2 Qe4 51. Qg2 Qd5 52. Rbf2 R1e4 53.
Qf1 Re1 54. Qg2 Qe6 55. Qh3 R1e2 56. Qg2 Rxf2 57. Rxf2 Re4 58. Qf3 Kg6 59. Qa3
Qe5 0-1

[Event "Berlin East DDR 30years"]
[Site "Berlin East"]
[Date "1979.09.??"]
[Round "?"]
[White "Smyslov, Vassily V"]
[Black "Casper, Thomas"]
[Result "1-0"]
[WhiteElo "2560"]
[BlackElo "2355"]
[PlyCount "57"]
[EventDate "1979.09.11"]
[EventType "tourn"]
[EventRounds "15"]
[EventCountry "DDR"]
[EventCategory "9"]
[SourceTitle "EXT 1999"]
[Source "ChessBase"]
[SourceDate "1998.11.16"]
[SourceVersion "1"]
[SourceVersionDate "1998.11.16"]
[SourceQuality "1"]

1. e4 e6 2. Qe2 c5 3. g3 g6 4. Bg2 Bg7 5. d3 d6 6. c3 Ne7 7. h4 h5 8. Nh3 e5 9.
Nd2 Nbc6 10. Nc4 b5 11. Ne3 Rb8 12. O-O f6 13. f4 Qb6 14. Kh2 Be6 15. Nd5 Nxd5
16. exd5 Bg4 17. Qf2 Ne7 18. fxe5 dxe5 19. Be3 Rc8 20. b4 Qd8 21. Bxc5 O-O 22.
c4 Re8 23. Bxe7 Qxe7 24. c5 Bxh3 25. Bxh3 f5 26. d6 Qe6 27. a4 Rb8 28. Qa2 e4
29. d7 1-0

[Event "Berlin East DDR 30years+"]
[Site "Berlin East"]
[Date "1979.09.12"]
[Round "2"]
[White "Knaak, Rainer"]
[Black "Smyslov, Vassily V"]
[Result "0-1"]
[WhiteElo "2565"]
[BlackElo "2560"]
[PlyCount "64"]
[EventDate "1979.09.11"]
[EventType "tourn"]
[EventRounds "6"]
[EventCountry "DDR"]
[SourceTitle "EXT 2001"]
[Source "ChessBase"]
[SourceDate "2000.11.22"]
[SourceVersion "1"]
[SourceVersionDate "2000.11.22"]
[SourceQuality "1"]

1. d4 Nf6 2. c4 e6 3. Nc3 Bb4 4. e3 c5 5. Bd3 O-O 6. Nf3 d5 7. O-O dxc4 8. Bxc4
Qe7 9. Qd3 Nbd7 10. a3 Ba5 11. Ne4 Bc7 12. b4 $1 Nxe4 13. Qxe4 Nf6 14. Qh4 $6 (
14. Qc2) (14. Qb1 $5 $14) 14... cxd4 15. exd4 Nd5 16. Qe4 $6 (16. Bg5) 16...
Qd6 17. Re1 Bd7 18. b5 $2 a6 19. bxa6 b5 20. Bd3 f5 21. Qh4 Rxa6 22. Rb1 Rb8
23. Ne5 Ba5 24. Rf1 Be8 25. g4 Bd8 26. Qh3 Ra4 27. gxf5 Rxd4 28. fxe6 Qxe5 29.
Bxh7+ Kh8 30. Be4+ Qh5 31. Qg2 Rxe4 32. Qxe4 Bg6 0-1

[Event "Interpolis-03"]
[Site "Tilburg"]
[Date "1979.11.14"]
[Round "10"]
[White "Smyslov, Vassily V"]
[Black "Larsen, Bent"]
[Result "1-0"]
[WhiteElo "2560"]
[BlackElo "2620"]
[Annotator "Smyslov,V"]
[PlyCount "89"]
[EventDate "1979.11.01"]
[EventType "tourn"]
[EventRounds "11"]
[EventCountry "NED"]
[EventCategory "15"]
[SourceTitle "MCL"]
[Source "ChessBase"]
[SourceDate "1999.07.01"]
[SourceVersion "1"]
[SourceVersionDate "1999.07.01"]
[SourceQuality "1"]

1. Nf3 Nf6 2. g3 b5 3. Bg2 Bb7 4. O-O e6 5. d3 d5 (5... c5 6. e4 d6 7. Re1 Be7
8. a4 b4 9. Nbd2 O-O 10. Nc4 Nbd7 11. Bf4 Ne8 12. a5 Rb8 {Kirov-Suetin/Socchi/
1979}) 6. c4 $1 dxc4 (6... a6 $142) 7. dxc4 Qxd1 8. Rxd1 b4 (8... bxc4 9. Ne5
$16 {_|_}) 9. Bf4 c5 10. Ne5 Bxg2 11. Kxg2 Be7 12. Nd2 O-O 13. Nb3 Rc8 (13...
a5 14. a4 Rc8 15. Rd3 Ne8 16. Rad1 f6 17. Nd7 $16) 14. Na5 {()} Ne8 (14... Bd8
15. Nb7 Be7 16. Nd6 Bxd6 17. Rxd6 Ne8 18. Rdd1 f6 19. Nd3 {/\a3} a5 (19... e5
20. Be3 Na6 21. b3 {/\22.a3}) 20. Nxc5 Rxc5 21. Rd8 $18 Kf7 (21... e5 22. Be3)
22. Bxb8 Rxc4 23. Rad1 {/\24.Td7}) 15. a3 f6 16. Nd3 Kf7 17. axb4 cxb4 18. Ra4
Nd7 (18... Nc6 19. b3 Nd4 20. Kf1 e5 21. Bd2 {->b4}) 19. b3 g5 (19... e5 $142
20. Bd2 Rab8 21. Nxb4 $1 Nc5 (21... Nb6 22. Ra2 Bxb4 23. Bxb4 Nxc4 24. Nxc4
Rxb4 25. Rxa7+ Kg6 26. Na5) 22. Ra2 Nxb3 23. Nxb3 Bxb4 24. Bxb4 Rxb4 25. Rxa7+
Kg6 26. Na5 $16) 20. Bd2 Rab8 21. Bxb4 Bxb4 22. Rxb4 Rb6 23. Ra4 $18 e5 24. b4
e4 25. c5 $1 (25. Nc1 $143 Rd6 26. Rxd6 Nxd6 27. c5 Nb5) 25... Rb5 (25... exd3
26. cxb6 dxe2 (26... axb6 27. Nb3 dxe2 28. Rxd7+ Ke6 29. Raa7 Nc7 30. Rdxc7
Rxc7 31. Ra1) 27. Rxd7+ Ke6 28. b7 Rb8 29. Nc6 $18 Kxd7 30. Nxb8+) 26. Nc1 (26.
Nb2 $2 Nxc5) 26... Ne5 27. Na2 $1 f5 28. Nc3 Rbb8 29. Rd5 Kf6 30. Nb3 Nc7 31.
Rd6+ Kf7 32. Nd4 e3 33. Nxf5 exf2 34. Kxf2 a6 35. Ne4 Re8 36. Nxg5+ Kg8 37. e4
a5 38. Rxa5 Rxb4 (38... Nc4 39. Rd7) 39. Ra2 (39. Ra7 $1) 39... Rc4 40. Nh6+
Kg7 41. Ra7 Rc2+ 42. Kf1 Rxc5 (42... Rc8 43. Rxc7+ Rxc7 44. Nf5+ Kh8 45. Rd8#)
(42... Rc1+ 43. Kg2 Rc2+ 44. Kh3) (42... Rf8+ 43. Nf5+) 43. Ne6+ Rxe6 44. Rxe6
Nf7 45. Re7 1-0

[Event "Los Polvorines op"]
[Site "Los Polvorines"]
[Date "1980.??.??"]
[Round "?"]
[White "Smyslov, Vassily V"]
[Black "Emma, Jaime"]
[Result "1-0"]
[WhiteElo "2550"]
[BlackElo "2440"]
[PlyCount "55"]
[EventDate "1980.??.??"]
[EventType "swiss"]
[EventRounds "9"]
[EventCountry "ARG"]
[SourceTitle "MCD"]
[Source "ChessBase"]
[SourceDate "1999.07.01"]
[SourceVersion "1"]
[SourceVersionDate "1999.07.01"]
[SourceQuality "1"]

1. Nf3 c5 2. c4 g6 3. e4 Nc6 4. d4 cxd4 5. Nxd4 Bg7 6. Be3 Nh6 7. Be2 O-O 8.
Qd2 Nxd4 9. Bxd4 d6 10. Bxg7 Kxg7 11. O-O b6 12. Nc3 Bb7 13. f4 f6 14. Qe3 Nf7
15. Rad1 e6 16. e5 fxe5 17. fxe5 Nxe5 18. Rxf8 Kxf8 19. Nb5 Nf7 20. Nxd6 Nxd6
21. Qxe6 Bxg2 22. Rxd6 Qg5 23. Qg4 Qc5+ 24. Kxg2 Qxd6 25. Qf3+ Kg7 26. Qxa8 Qe5
27. Qb7+ Kh6 28. Qf3 1-0

[Event "Warsaw-Moscow"]
[Site "Moscow"]
[Date "1980.??.??"]
[Round "?"]
[White "Smyslov, Vassily V"]
[Black "Schmidt, Wlodzimierz"]
[Result "1-0"]
[WhiteElo "2550"]
[BlackElo "2505"]
[PlyCount "75"]
[EventDate "1980.01.??"]
[EventType "match"]
[EventRounds "3"]
[EventCountry "URS"]
[SourceTitle "MCD"]
[Source "ChessBase"]
[SourceDate "1999.07.01"]
[SourceVersion "1"]
[SourceVersionDate "1999.07.01"]
[SourceQuality "1"]

1. e4 Nf6 2. e5 Nd5 3. d4 d6 4. Nf3 Bg4 5. Be2 e6 6. c4 Nb6 7. exd6 cxd6 8. h3
Bh5 9. O-O Be7 10. Nc3 O-O 11. Re1 a6 12. b3 Nc6 13. Be3 d5 14. c5 Bxf3 15.
Bxf3 Nc8 16. Rb1 Bf6 17. b4 N8e7 18. Bg4 g6 19. a4 h5 20. b5 axb5 21. axb5 Na5
22. Be2 Nf5 23. Bd3 Nxe3 24. fxe3 e5 25. Rb4 Re8 26. Rf1 Re6 27. e4 exd4 28.
Nxd5 Be5 29. Qf3 f6 30. Nf4 Bxf4 31. Qxf4 Kg7 32. Ra4 Re5 33. Qf2 Rxc5 34. Rxd4
Qe7 35. Qxf6+ Qxf6 36. Rd7+ Kh6 37. Rxf6 Re5 38. h4 1-0

[Event "Copenhagen Open-02 (Politiken Cup-01)"]
[Site "Copenhagen"]
[Date "1980.06.24"]
[Round "2"]
[White "Smyslov, Vassily V"]
[Black "Fuller, Maxwell L"]
[Result "1-0"]
[WhiteElo "2550"]
[BlackElo "2355"]
[PlyCount "79"]
[EventDate "1980.06.23"]
[EventType "swiss"]
[EventRounds "10"]
[EventCountry "DEN"]
[SourceTitle "EXT 2000"]
[Source "ChessBase"]
[SourceDate "1999.11.16"]
[SourceVersion "1"]
[SourceVersionDate "1999.11.16"]
[SourceQuality "1"]

1. g3 g6 2. Bg2 c5 3. e4 Bg7 4. Ne2 Nc6 5. c3 e5 6. O-O Nge7 7. d3 d6 8. a3 Be6
9. b4 Qd7 10. Be3 b6 11. b5 Nd8 12. c4 O-O 13. Nbc3 Bh3 14. Bxh3 Qxh3 15. a4 f5
16. Bg5 f4 17. f3 fxg3 18. hxg3 Bh6 19. Qd2 Bxg5 20. Qxg5 Rf7 21. a5 Ne6 22.
Qg4 Qxg4 23. fxg4 Rxf1+ 24. Kxf1 Nc7 25. Kg2 g5 26. Nd5 Ncxd5 27. exd5 bxa5 28.
Rxa5 e4 29. dxe4 Nc8 30. Ra6 Nb6 31. e5 dxe5 32. Kf3 Nxc4 33. Ke4 Rd8 34. Nc3
Rd7 35. Rc6 Kg7 36. Rxc5 Nd6+ 37. Kxe5 Kf7 38. Ne4 Nxe4 39. Kxe4 Re7+ 40. Kf5
1-0

[Event "Bar"]
[Site "Bar"]
[Date "1980.??.??"]
[Round "?"]
[White "Biyiasas, Peter"]
[Black "Smyslov, Vassily V"]
[Result "0-1"]
[WhiteElo "2485"]
[BlackElo "2550"]
[PlyCount "41"]
[EventDate "1980.10.??"]
[EventType "tourn"]
[EventRounds "13"]
[EventCountry "YUG"]
[EventCategory "8"]
[SourceTitle "EXT 2004"]
[Source "ChessBase"]
[SourceDate "2003.11.25"]
[SourceVersion "1"]
[SourceVersionDate "2003.11.25"]
[SourceQuality "1"]

1. e4 e5 2. Nf3 d6 3. d4 exd4 4. Qxd4 Bd7 5. Bg5 Nc6 6. Qd2 Be7 7. Bxe7 Qxe7 8.
Nc3 Nf6 9. O-O-O O-O-O 10. Bd3 Rhe8 11. Rhe1 Ne5 12. Nd4 Nxd3+ 13. cxd3 Qe5 14.
Nf3 Qa5 15. h3 Be6 16. Kb1 d5 17. e5 d4 18. exf6 dxc3 19. bxc3 gxf6 20. Nd4
Rxd4 21. cxd4 0-1

[Event "Bar"]
[Site "Bar"]
[Date "1980.??.??"]
[Round "?"]
[White "Smyslov, Vassily V"]
[Black "Forintos, Gyozo Victor"]
[Result "1-0"]
[WhiteElo "2550"]
[BlackElo "2490"]
[PlyCount "111"]
[EventDate "1980.10.??"]
[EventType "tourn"]
[EventRounds "13"]
[EventCountry "YUG"]
[EventCategory "8"]
[SourceTitle "EXT 2004"]
[Source "ChessBase"]
[SourceDate "2003.11.25"]
[SourceVersion "1"]
[SourceVersionDate "2003.11.25"]
[SourceQuality "1"]

1. d4 e6 2. c4 Bb4+ 3. Bd2 Qe7 4. g3 Nf6 5. Bg2 O-O 6. Nf3 Ne4 7. O-O Nxd2 8.
Nfxd2 c6 9. a3 Ba5 10. b4 Bc7 11. Nc3 d5 12. Qc2 e5 13. e3 exd4 14. exd4 dxc4
15. Nxc4 Qf6 16. d5 Bf5 17. Ne4 Qh6 18. Ne3 Bh3 19. Rad1 Bb6 20. Bxh3 Qxh3 21.
Nc4 cxd5 22. Rxd5 Nc6 23. Rfd1 h6 24. Ned6 Rad8 25. Qf5 Qxf5 26. Nxf5 Bc7 27.
b5 Na5 28. Rxd8 Bxd8 29. Rxd8 Rxd8 30. Nxa5 g6 31. Nxh6+ Kf8 32. Ng4 Rd5 33.
Nxb7 Rxb5 34. Nd6 Rb1+ 35. Kg2 Ra1 36. Nc4 Ke7 37. Nge3 Ke6 38. h4 f5 39. Kf3
Ra2 40. Nf1 Kf6 41. Nfd2 g5 42. h5 Ra1 43. g4 fxg4+ 44. Kxg4 Rg1+ 45. Kf3 Kg7
46. Ne4 Rh1 47. Ng3 Rc1 48. Nd6 Rc3+ 49. Kg4 Rxa3 50. Kxg5 Rf3 51. h6+ Kf8 52.
Nh5 Rh3 53. h7 Rxh5+ 54. Kxh5 Kg7 55. h8=Q+ Kxh8 56. Kg6 1-0

[Event "Bar"]
[Site "Bar"]
[Date "1980.??.??"]
[Round "?"]
[White "Smyslov, Vassily V"]
[Black "Marjanovic, Slavoljub"]
[Result "1-0"]
[WhiteElo "2550"]
[BlackElo "2505"]
[PlyCount "105"]
[EventDate "1980.10.??"]
[EventType "tourn"]
[EventRounds "13"]
[EventCountry "YUG"]
[EventCategory "8"]
[SourceTitle "EXT 1999"]
[Source "ChessBase"]
[SourceDate "1998.11.16"]
[SourceVersion "1"]
[SourceVersionDate "1998.11.16"]
[SourceQuality "1"]

1. Nf3 c5 2. g3 Nc6 3. d4 e6 4. Bg2 d5 5. O-O Nf6 6. b3 Be7 7. Bb2 O-O 8. Nbd2
b6 9. dxc5 Bxc5 10. c4 Ba6 11. cxd5 exd5 12. a3 Qe7 13. b4 Bxe2 14. Bxf6 gxf6
15. Qa4 b5 16. Qc2 Bxf1 17. Bxf1 Bxf2+ 18. Kxf2 Rac8 19. Qf5 Ne5 20. Bxb5 Qe6
21. Qxe6 fxe6 22. Nd4 Kf7 23. Be2 Rc3 24. Nb5 Rc2 25. Ke1 Ra8 26. Kd1 Rc6 27.
Nb3 Nc4 28. Bxc4 dxc4 29. Na5 Rb6 30. Nc3 h5 31. Kc2 h4 32. Nxc4 Rc6 33. Kb3
hxg3 34. hxg3 Rg8 35. Ne2 e5 36. Rd1 Ke6 37. b5 Rc5 38. a4 Rg4 39. Na5 Re4 40.
Rd2 Re3+ 41. Kb4 Rd5 42. Rxd5 Kxd5 43. Nc3+ Ke6 44. Nc6 Rxg3 45. Nxa7 f5 46. b6
Rg8 47. Kc5 f4 48. b7 f3 49. Nd1 Kd7 50. Nb5 e4 51. a5 f2 52. Nxf2 e3 53. Nd3
1-0

[Event "Bar"]
[Site "Bar"]
[Date "1980.??.??"]
[Round "?"]
[White "Smyslov, Vassily V"]
[Black "Vukovic, Milosav"]
[Result "1-0"]
[WhiteElo "2550"]
[BlackElo "2405"]
[PlyCount "81"]
[EventDate "1980.10.??"]
[EventType "tourn"]
[EventRounds "13"]
[EventCountry "YUG"]
[EventCategory "8"]
[SourceTitle "EXT 1999"]
[Source "ChessBase"]
[SourceDate "1998.11.16"]
[SourceVersion "1"]
[SourceVersionDate "1998.11.16"]
[SourceQuality "1"]

1. Nf3 Nf6 2. d4 e6 3. c4 c5 4. d5 exd5 5. cxd5 d6 6. Nc3 g6 7. g3 Bg7 8. Bg2
O-O 9. O-O Re8 10. Bf4 a6 11. a4 Qc7 12. Re1 Nbd7 13. e4 Ng4 14. Nd2 Nge5 15.
Bf1 Rb8 16. Be3 Nf8 17. h3 f5 18. f4 Nf7 19. Bf2 Bd7 20. a5 Kh8 21. Nc4 Bb5 22.
exf5 Rxe1 23. Bxe1 Bxc4 24. Bxc4 gxf5 25. Qh5 Nh6 26. Bf2 Qf7 27. Qxf7 Nxf7 28.
Re1 Bf6 29. Bd3 Nh6 30. Na4 Kg8 31. Re2 Kf7 32. Nb6 Re8 33. Rc2 Ng6 34. Nc4 Rd8
35. Be2 Ng8 36. Bf3 N8e7 37. Re2 Nf8 38. Re3 Bd4 39. Rb3 Bxf2+ 40. Kxf2 Rd7 41.
Rxb7 1-0

[Event "Moscow"]
[Site "Moscow"]
[Date "1981.04.??"]
[Round "1"]
[White "Torre, Eugenio"]
[Black "Smyslov, Vassily V"]
[Result "0-1"]
[WhiteElo "2550"]
[BlackElo "2545"]
[Annotator "Belov,I"]
[PlyCount "80"]
[EventDate "1981.04.08"]
[EventType "tourn"]
[EventRounds "13"]
[EventCountry "URS"]
[EventCategory "15"]
[SourceTitle "MCL"]
[Source "ChessBase"]
[SourceDate "1999.07.01"]
[SourceVersion "1"]
[SourceVersionDate "1999.07.01"]
[SourceQuality "1"]

1. Nf3 Nf6 2. c4 c6 3. Nc3 d5 4. e3 g6 5. d4 Bg7 6. Be2 O-O 7. O-O b6 (7... Bg4
$142) (7... Be6 $5) 8. b4 (8. cxd5 cxd5 9. Bd2 Bb7 10. Rc1 Nc6 11. Qa4 a6 12.
b4 $14 {Kuzmin,G-Shamkovich,L/URS(ch)/1972/}) (8. Qc2 $1 Bb7 9. e4 dxe4 10.
Nxe4 Nbd7 11. Rd1 Qc7 12. Nxf6+ Nxf6 (12... Bxf6 13. Bg5 Rfe8 14. Bxf6 Nxf6 15.
c5 $1 $14 {Razuvaev,Y-Timoshchenko,G/Polanica Zdroj/1979/1:0 (43) Inf 28/686/})
13. Ne5 Nd7 14. Nxd7 Qxd7 15. Be3 Qc7 16. c5 $1 $14 {Vaganian,R-Gligoric,S/
Niksic/1978/1:0 (68) Inf 25/696/}) 8... dxc4 (8... Bb7 9. Qb3 Nbd7 10. a4 Qb8
11. Bb2 e6 12. Rfd1 a5 $1 13. cxd5 cxd5 14. Rac1 $14 {Pinter,J-Flear,G/Szirak/
1986/}) 9. Bxc4 Nd5 10. Nxd5 (10. Qb3 $142 $1 Nxc3 11. Qxc3 c5 12. bxc5 bxc5
13. Ba3 $1 Nd7 14. Rab1 $14 {Timman/}) 10... cxd5 11. Be2 a6 $1 (11... Nc6 12.
b5 Na5 13. Bd2 Nc4 14. Bb4 $14) (11... Bb7 12. b5 $14) 12. a4 Nc6 13. Bd2 Bg4
$10 14. Bc3 (14. h3 Bxf3 15. Bxf3 e5 $10) 14... Qc7 $5 15. Qd2 Rfc8 16. Rfc1 e6
17. b5 $6 (17. Qb2 $142) 17... Bxf3 18. Bxf3 axb5 19. axb5 Ne5 $1 20. dxe5 $2 (
20. Rxa8 $142 Nxf3+ 21. gxf3 Rxa8 22. Bb4 Qd7 $15) 20... Rxa1 21. Rxa1 Qxc3 22.
Qxc3 Rxc3 $17 {>< e5/} 23. Ra8+ Bf8 24. h4 Kg7 (24... h5 25. Rb8 $13) 25. h5
Bc5 26. Ra7 (26. Rd8 Rb3 27. Be2 Rb1+ 28. Bf1 (28. Kh2 Rb2 $17) 28... gxh5 $17)
26... d4 $1 27. exd4 Bxd4 28. h6+ $8 Kxh6 $8 29. Rxf7 Rc1+ 30. Kh2 Bxf2 $1 (
30... Bxe5+ 31. g3 $15) 31. Bg4 (31. Re7 $5 Rc5 32. Rxe6 Rxb5 33. Re8 Kg5 $17)
31... Bd4 32. Bxe6 Bxe5+ 33. g3 (33. Kh3 Kg5 $1 34. g3 $8 Rc3 $19) 33... Rc2+
34. Kh1 Bxg3 $19 35. Rd7 Rc7 $2 (35... Rb2 $142 $19) 36. Rxc7 Bxc7 37. Kg2 Kg5
(37... Kg7 38. Kf3 h5 39. Bd7 Kf6 40. Be8 $1 $10) 38. Kf3 $2 (38. Bg8 Kf6 (
38... h5 39. Bf7 $1 Kh6 40. Kf3 g5 41. Ke4 g4 42. Kf5 $1 $10) 39. Bd5 (39. Bxh7
$2 Kg7 $19) 39... h5 40. Bc6 Kf7 41. Kf3 g5 42. Ke4 $10) 38... Kh4 $1 $19 39.
Bf7 g5 40. Be6 h5 (40... h5 41. Bd7 g4+ 42. Kg2 Kg5 43. Be6 h4 44. Bd7 h3+ $19)
0-1

[Event "Moscow"]
[Site "Moscow"]
[Date "1981.04.??"]
[Round "2"]
[White "Smyslov, Vassily V"]
[Black "Timman, Jan H"]
[Result "1-0"]
[WhiteElo "2545"]
[BlackElo "2620"]
[Annotator "Belov,I"]
[PlyCount "61"]
[EventDate "1981.04.08"]
[EventType "tourn"]
[EventRounds "13"]
[EventCountry "URS"]
[EventCategory "15"]
[SourceTitle "MCL"]
[Source "ChessBase"]
[SourceDate "1999.07.01"]
[SourceVersion "1"]
[SourceVersionDate "1999.07.01"]
[SourceQuality "1"]

1. d4 Nf6 2. Nf3 g6 3. g3 c5 4. Bg2 cxd4 5. Nxd4 Bg7 6. c4 Nc6 7. Nc3 Nxd4 8.
Qxd4 O-O 9. O-O d6 10. Qd3 Bf5 (10... Rb8 11. Be3 Qa5 12. Bd4 Bf5 13. e4 Be6
14. Rfe1 $1 Rfe8 15. h3 a6 16. e5 $1 $14 {Psakhis,L-Alterman,B/ISR/1991/1:0 
(33) Inf 54/46/}) (10... a6 11. Bd2 Rb8 12. Rac1 b5 13. cxb5 axb5 14. Nxb5 Bf5
15. e4 Nxe4 $5 16. Bxe4 Bxe4 17. Qxe4 Rxb5 18. b4 $1 $14 {Georgiev,Ki-Gufeld,E/
Calcutta/1992/1:0 (50) Inf 54/47/}) 11. e4 Be6 12. b3 (12. Bd2 Nd7 13. b3 Nc5
14. Qe2 a6 15. Rfd1 Re8 16. Rac1 b5 $14 {Smejkal,J-Lakic,N/Banja Luka/1976/})
12... a6 (12... Nd7 13. Bb2 a6 14. Qe2 Qa5 15. Nd5 $14 {Lengyel,L-Tal,M/
Amsterdam(izt)/1964/}) 13. Bb2 Nd7 14. Qd2 $1 (14. Qe2 $14) 14... Nc5 (14...
Qa5 15. Rfd1 Rfc8 16. Nd5 $1 $16) 15. f4 $1 Rc8 $6 (15... f5 $142 16. exf5 Bxf5
$14) 16. f5 Bd7 17. f6 $1 $16 exf6 (17... Bxf6 18. Rxf6 $1 exf6 19. Nd5 $16)
18. Nd5 f5 19. exf5 Bxf5 (19... gxf5 $5 20. Bxg7 Kxg7 21. Qd4+ f6 $16) 20. Bxg7
Kxg7 21. Qd4+ f6 22. g4 $1 Be6 (22... Ne6 23. Qd1 $1 $18) 23. Nxf6 $1 Rxf6 24.
g5 $18 Bf5 25. Rad1 b5 26. cxb5 axb5 27. gxf6+ Qxf6 28. Qxf6+ Kxf6 29. Rxd6+
Ne6 30. Rb6 Rc5 31. Re1 1-0

[Event "Christmas Congress 1981/82-57 Premier"]
[Site "Hastings"]
[Date "1982.01.10"]
[Round "12"]
[White "Smyslov, Vassily V"]
[Black "Szabo, Laszlo"]
[Result "1-0"]
[WhiteElo "2565"]
[BlackElo "2510"]
[PlyCount "82"]
[EventDate "1981.12.28"]
[EventType "tourn"]
[EventRounds "13"]
[EventCountry "ENG"]
[EventCategory "11"]
[SourceTitle "MCD"]
[Source "ChessBase"]
[SourceDate "1999.07.01"]
[SourceVersion "1"]
[SourceVersionDate "1999.07.01"]
[SourceQuality "1"]

1. e4 c5 2. Nf3 d6 3. d4 cxd4 4. Nxd4 Nf6 5. Nc3 g6 6. Bg5 Bg7 7. Qd2 Nc6 8.
Nb3 a5 9. a4 Be6 10. Bb5 O-O 11. O-O Rc8 12. Rfe1 Nb4 13. Nd4 Bc4 14. b3 Bxb5
15. Ncxb5 Ng4 16. c3 Na6 17. h3 Ne5 18. Bh6 Nc5 19. Bxg7 Kxg7 20. Re3 Nc6 21.
Rd1 Kg8 22. c4 Nxd4 23. Qxd4 f6 24. f4 Qb6 25. Kh2 Rcd8 26. Rg3 Qc6 27. Re1 e5
28. Qe3 f5 29. exf5 Rxf5 30. fxe5 dxe5 31. Qe2 e4 32. Rd1 Rd3 33. Nd4 Qd7 34.
Nxf5 Rxd1 35. Ne7+ Kh8 36. Nd5 Rd3 37. Rxd3 exd3 38. Qe5+ Qg7 39. Qb8+ Qg8 40.
Qd6 Na6 41. Nf4 Nb4 1-0

[Event "Interzonal-12a"]
[Site "Las Palmas"]
[Date "1982.07.22"]
[Round "8"]
[White "Mestel, A Jonathan"]
[Black "Smyslov, Vassily V"]
[Result "0-1"]
[WhiteElo "2500"]
[BlackElo "2565"]
[PlyCount "70"]
[EventDate "1982.07.12"]
[EventType "tourn"]
[EventRounds "13"]
[EventCountry "ESP"]
[EventCategory "12"]
[SourceTitle "IZT"]
[Source "ChessBase"]
[SourceDate "1999.07.01"]
[SourceVersion "1"]
[SourceVersionDate "1999.07.01"]
[SourceQuality "1"]

1. e4 e5 2. Nf3 Nc6 3. Bc4 Be7 4. d4 d6 5. d5 Nb8 6. Bd3 Nf6 7. c4 O-O 8. Nc3
c6 9. O-O Nbd7 10. Rb1 Re8 11. b4 Nf8 12. Re1 Ng6 13. Bf1 Rf8 14. Qb3 Kh8 15.
Bb2 cxd5 16. cxd5 Ng4 17. h3 Nh6 18. Rbc1 f5 19. Nb5 fxe4 20. Rxe4 Bf5 21. Rec4
Nh4 22. Nxh4 Bxh4 23. g3 Bg5 24. Rd1 Qb6 25. h4 Ng4 26. Rdd4 Bh6 27. Nc7 Rac8
28. Ne6 Bxe6 29. dxe6 Rce8 30. Be2 Nxf2 31. Rd5 Nh3+ 32. Kg2 Qg1+ 33. Kxh3 Qh1+
34. Kg4 Qxd5 35. Rf4 Rxf4+ 0-1

[Event "Graz"]
[Site "Graz"]
[Date "1984.??.??"]
[Round "?"]
[White "Pils, Walter"]
[Black "Smyslov, Vassily V"]
[Result "0-1"]
[WhiteElo "2370"]
[BlackElo "2600"]
[PlyCount "84"]
[EventDate "1984.12.??"]
[EventType "tourn"]
[EventRounds "13"]
[EventCountry "AUT"]
[EventCategory "9"]
[SourceTitle "MCD"]
[Source "ChessBase"]
[SourceDate "1999.07.01"]
[SourceVersion "1"]
[SourceVersionDate "1999.07.01"]
[SourceQuality "1"]

1. d4 Nf6 2. Nf3 e6 3. Bg5 c5 4. e3 Qb6 5. Qc1 Ne4 6. Bh4 d5 7. Bd3 Nc6 8. c3
Bd7 9. O-O Rc8 10. Nbd2 f5 11. Bg3 Nxg3 12. hxg3 Be7 13. Re1 O-O 14. Bc2 Qc7
15. Ba4 Rf6 16. Bxc6 Bxc6 17. Ne5 Bd6 18. f4 Bxe5 19. dxe5 Rff8 20. Qc2 Rfd8
21. Rac1 Qe7 22. Nf3 h6 23. Qe2 Be8 24. Rcd1 Bh5 25. Kf2 Qe8 26. Rd2 Qa4 27. a3
Rd7 28. Qd1 Qc6 29. Qc2 Rcd8 30. Red1 a5 31. Rh1 Bg4 32. Rhd1 b5 33. Ra1 Qb6
34. Rad1 Rb7 35. Rc1 Bxf3 36. gxf3 c4 37. Qd1 b4 38. Qa4 bxc3 39. Rxc3 d4 40.
exd4 Rxd4 41. Re2 Rd2+ 42. Kf1 Qxb2 0-1

[Event "Bronshoj Jubilee"]
[Site "Bronshoj"]
[Date "1985.??.??"]
[Round "2"]
[White "Smyslov, Vassily V"]
[Black "Olafsson, Helgi"]
[Result "1-0"]
[WhiteElo "2600"]
[BlackElo "2515"]
[PlyCount "105"]
[EventDate "1985.03.02"]
[EventType "tourn"]
[EventRounds "11"]
[EventCountry "DEN"]
[EventCategory "11"]
[SourceTitle "MCD"]
[Source "ChessBase"]
[SourceDate "1999.07.01"]
[SourceVersion "1"]
[SourceVersionDate "1999.07.01"]
[SourceQuality "1"]

1. c4 c5 2. Nf3 Nf6 3. d4 cxd4 4. Nxd4 e6 5. Nc3 Nc6 6. g3 Qb6 7. Nb3 d5 8.
cxd5 Nxd5 9. Nxd5 exd5 10. Bg2 Bb4+ 11. Bd2 Bg4 12. Bxb4 Qxb4+ 13. Qd2 Qxd2+
14. Kxd2 O-O-O 15. h3 Bh5 16. Rac1 Kb8 17. Nc5 Rd6 18. Rhd1 f6 19. Ke1 Rhd8 20.
Rd2 Bf7 21. b3 Ne7 22. Rdc2 Bg6 23. Nxb7 Bxc2 24. Nxd6 Bxb3 25. Nf7 Rf8 26.
axb3 Rxf7 27. Rc5 Rf8 28. Bxd5 Nxd5 29. Rxd5 Kc7 30. Kd2 Kc6 31. Rh5 Rd8+ 32.
Kc3 h6 33. Ra5 Kb6 34. Ra4 Rd1 35. h4 Rf1 36. f3 Rh1 37. Rg4 g5 38. Re4 Kc5 39.
hxg5 fxg5 40. g4 a5 41. Re5+ Kb6 42. Re8 Kc5 43. Rc8+ Kb5 44. Kd4 Rd1+ 45. Ke4
Kb4 46. Rb8+ Kc3 47. Rb5 Ra1 48. Kf5 Kd2 49. e4 Rf1 50. Kg6 Rxf3 51. Kxh6 Rf4
52. Kxg5 Rxe4 53. Rxa5 1-0